000 00467cam a2200169ua 4500
041 _aeng
_h
082 _a823.308
_bGAS/CR
100 _aGaskell, Elizabeth Cleghorn.
245 _aCranford /
_cElizabeth Gaskell.
_hTextual Documents
260 _aLondon :
_bLongman ,
_c1965.
300 _a116 ; .
440 0 _aLongmans simplified english series,
_v
_x;
490 0 _aLongmans simplified english series,
_v
_x;
504 _a
942 _cBK
999 _c5086
_d5086